000 00600nam a22001817a 4500
005 20150124130718.0
008 140610t usa||||| |||| 00| 0 eng d
020 _a0521317509
050 0 4 _aBF 38
_bT39 1999
100 1 _aTaylor, Charles
245 1 0 _aHuman Agency and Language Tomo I :
_bPhilosophical Papers /
_cCharles Taylor,
250 _aPrimera Edición: 1999
260 _aUnited States of America :
_bCambridge University Press,
_c1999.
300 _a294 paginas,
_c23 X 16 centímetros,
504 _aIncluye: Indice
650 7 _2Lemb
_aFilosofía
_xPsicología
942 _2ddc
_cLIB
999 _c57061
_d57061